Hacia el colapso de la economía mexicana : diagnóstico, pronóstico y alternativas /

Obra en la que se explica cómo la economía mexicana puede entrar en crisis. El autor basado en que las variables que configuran la dinámica de la economía han dejado de operar, como son el crecimiento del mercado interno y de las exportaciones, además de la disposición de crédito y los flujos de cap...

Celý popis

Uloženo v:
Podrobná bibliografie
Hlavní autor: Huerta González, Arturo (autor)
Médium: Kniha
Jazyk:španělština
Vydáno: México : UNAM, Facultad de Economía, 2009, c2009
Témata:
Tagy: Přidat tag
Žádné tagy, Buďte první, kdo vytvoří štítek k tomuto záznamu!

MARC

LEADER 00000nam^a2200000^a^4500
001 000299513
005 20250521000000.0
009 20260310112439.939
020 |a 978-607-02-0670-2 
037 |a Acervo ITESO - Biblioteca 
041 |a ESP 
082 |a 330. 97207  |b HUE 
100 |a Huerta González, Arturo  |e (autor) 
245 1 0 |a Hacia el colapso de la economía mexicana :  |b diagnóstico, pronóstico y alternativas /  |c A. Huerta González. 
264 4 |a México :  |b UNAM, Facultad de Economía,  |c 2009, c2009 
300 |a 277 p. 
336 |a texto  |b txt  |2 rdacontenido 
337 |a sin mediación  |b n  |2 rdamedio 
338 |a volumen  |b nc  |2 rdasoporte 
520 |a Obra en la que se explica cómo la economía mexicana puede entrar en crisis. El autor basado en que las variables que configuran la dinámica de la economía han dejado de operar, como son el crecimiento del mercado interno y de las exportaciones, además de la disposición de crédito y los flujos de capital. La causa es que la política económica está subordinada a la estabilidad monetaria y otros factores que han hecho que México deje de ser competitivo a nivel internacional. 
649 |a XX 
650 |a Crisis Económica -  |z México -  |x Tema Principal 
650 |a Mercado de Capitales 
650 |a Competencia Internacional (Economía) 
650 |a Análisis Económico -  |z México -  |x Historia -  |y 2000-2009 -  |x Tema Principal 
650 |a Política Económica -  |z México -  |x Tema Principal 
650 |a Economía -  |z México -  |x Historia -  |y 2000-2009 
650 |a Economía -  |z México -  |x Historia -  |y Siglo XXI 
650 |a México -  |x Condiciones Económicas 
910 |a Fondo General 
920 |a Impresos - Libros 
930 |a Colección General 
905 |a 101 
901 |a 0500185371  |b IT1  |c ACC  |i C122657  |u 20250521 
902 |a https://opac.biblio.iteso.mx/vufind/Record/000299513